Geospatial techniques in urban hazard and disaster analysis / (Record no. 14985)

000 -LEADER
fixed length control field 00751cam a22002414a 4500
020 ## - INTERNATIONAL STANDARD BOOK NUMBER
ISBN 9789048122370 (hbk.)
020 ## - INTERNATIONAL STANDARD BOOK NUMBER
ISBN 9048122376 (hbk.)
020 ## - INTERNATIONAL STANDARD BOOK NUMBER
ISBN 9048122384 (ebook)
020 ## - INTERNATIONAL STANDARD BOOK NUMBER
ISBN 9789048122387 (ebook)
040 ## - CATALOGING SOURCE
Transcribing agency BTCTA
082 04 - DEWEY DECIMAL CLASSIFICATION NUMBER
Classification number 910 SPR 2010 A105 OR.
245 00 - TITLE STATEMENT
Title Geospatial techniques in urban hazard and disaster analysis /
260 ## - PUBLICATION, DISTRIBUTION, ETC. (IMPRINT)
Place of publication Dordrecht ;
-- New York :
Name of publisher Springer,
Year of publication 2010.
300 ## - PHYSICAL DESCRIPTION
Number of Pages xvi, 452 p. :
Other physical details ill. (some col.), maps (some col.) ;
Dimensions 24 cm.
490 1# - SERIES STATEMENT
Series statement Geotechnologies and the environment ;
650 #0 - SUBJECT ADDED ENTRY--TOPICAL TERM
Topical Term Geospatial data.
650 #0 - SUBJECT ADDED ENTRY--TOPICAL TERM
Topical Term Emergency management
650 #0 - SUBJECT ADDED ENTRY--TOPICAL TERM
Topical Term Emergency management
650 #0 - SUBJECT ADDED ENTRY--TOPICAL TERM
Topical Term Urban policy.
700 1# - ADDED ENTRY--PERSONAL NAME
Personal name Showalter, Pamela Sands.
700 1# - ADDED ENTRY--PERSONAL NAME
Personal name Lu, Yongmei.
942 ## - ADDED ENTRY ELEMENTS (KOHA)
Koha item type សៀវភៅភាសាអង់គ្លេស

No items available.

មជ្ឈមណ្ឌលឯការនៃសាកលវិទ្យាល័យភូមិន្ទកសិកម្មចំការដូង

Powered by Koha